| 000 | 00651nam a22002417a 4500 | ||
|---|---|---|---|
| 001 | 14413 | ||
| 003 | BD-JhCC | ||
| 005 | 20251028102842.0 | ||
| 008 | 251028b |||||||| |||| 00| 0 eng d | ||
| 020 | _a9780141397269 | ||
| 035 | _a(BD-JhCC) 14413 | ||
| 040 |
_aBD-JhCC _dBD-JhCC |
||
| 041 | _aeng | ||
| 082 |
_223 _a813.4 _bPOE |
||
| 100 | _aPoe,Edgar Allan | ||
| 245 |
_aThe Tell-Tale Heart / _cEdgar Allan Poe |
||
| 260 |
_aUK: _bPenguin Classics, _c2015 |
||
| 300 |
_a47 p.; _c16 cm _ePaper binding |
||
| 490 |
_aPenguin Little Black Classics, _v31 |
||
| 650 | _aAmerican fiction 19th century | ||
| 650 | _aAmerican poetry | ||
| 942 |
_2ddc _cBK |
||
| 999 |
_c14413 _d14413 |
||